| 000 | 05089namaa22004331i 4500 | ||
|---|---|---|---|
| 003 | OSt | ||
| 005 | 20260520142606.0 | ||
| 008 | 250827s2025 ua a|||frm||| 000 0 eng d | ||
| 040 |
_aEG-GICUC _bara _cEG-GICUC _dEG-GICUC _erda |
||
| 041 | 0 |
_aara _bara _beng |
|
| 049 | _aإيداع | ||
| 082 | 0 | 4 | _a305.235 |
| 092 |
_a305.235 _221 |
||
| 097 | _aمــــاجستير | ||
| 099 | _aCai01.23.04.M.Sc.2025.ها.ت | ||
| 100 | 0 |
_a،هالة السيد عدلي عبد الغني _eإعداد. |
|
| 245 | 1 | 2 |
_aالتراحم لدى الأمهات البديلات،وعلاقته بسلوك التنمر للمراهقات في دور الرعاية البديلة / _cإعداد هالة السيد عدلي عبد الغني؛ إشراف أ. د./ منال عبد النعيم محمد طه، د.عمرو رمضان عطايا. |
| 246 | 1 | 5 | _aCompassion among foster mothers and its relationship to bullying behavior in adolescent girls in foster care homes / |
| 264 | 0 | _c2025. | |
| 300 |
_a151 صفحة : _bإيضاحيات ؛ _c25 سم. + _eCD. |
||
| 336 |
_atext _2rda content |
||
| 337 |
_aUnmediated _2rdamedia |
||
| 338 |
_avolume _2rdacarrier |
||
| 502 | _aأطروحة (ماجستير)-جامعة القاهرة، 2025. | ||
| 504 | _aببليوجرافيا: صفحات 112-138. | ||
| 520 | _aهدفت الدراسة إلى تعرُّف العلاقة بين سلوك التنمر للمراهقات في دور الرعاية البديلة والرحمة بالذات لدى الأمهات البديلات، وقد تكونت عينة الدراسة من (150) فتاةً في دور الرعاية تراوحت أعمارهن بين (12 و 18 عامًا) بمتوسط عمري قدره (23,15) وانحراف معياري قدره (3,31) ، كما شملت العينة أيضًا (130) أمًّا من الأمهات البديلات في دور الرعاية البديلة تراوحت أعمارهن بين (30 و 55 عامًا) بمتوسط عمري قدره (41,62 ) وانحراف معياري قدره (8,57 )، وتم تطبيق مقياس الرحمة بالذات (Neff,2003b - ترجمة الباحثة)، ومقياس التنمر للمراهقين (إعداد: مجدي الدسوقي، 2016)، وتوصلت الدراسة إلى النتائج الآتية: توجد علاقة ارتباطية عكسية ذات دلالة إحصائية بين الرحمة بالذات لدى الأمهات البديلات وسلوك التنمر لدى المراهقات في دور الرعاية البديلة. وتوجد فروق دالة إحصائيًّا بين متوسطات درجات عينة الدراسة من المراهقات على مقياس سلوك التنمر تبعًا لمرتفعات ومنخفضات الرحمة بالذات للأمهات البديلات، كما أشارت الدراسة إلى إمكانية التنبؤ بسلوك التنمر لدى الفتيات في دور الرعاية البديلة من خلال الرحمة بالذات لدى الأمهات البديلات. | ||
| 520 | _aThe study aimed to determine the relationship between bullying behavior in adolescent girls residing in foster care and the level of self-compassion among their foster mothers. The sample consisted of 150 girls in foster care, aged between 12 and 18 years, with a mean age of 15.23 years (SD = 3.31). The sample of foster mothers included 30 participants, aged between 30 and 55 years, with a mean age of 41.62 years (SD = 8.57). The Self-Compassion Scale (Neff, 2003b), translated by the researcher, and the Bullying Scale for Adolescents (prepared by Magdy El-Dessouki, 2016) were applied. The study found a statistically significant negative correlation between the level of self-compassion among foster mothers and bullying behavior among adolescent girls in foster care. Significant differences were also found between the mean scores of the adolescent sample on the bullying behavior scale depending on whether the foster mothers had high or low levels of self-compassion. Additionally, the study indicated that it is possible to predict bullying behavior through the level of self-compassion among foster mothers. | ||
| 530 | _aصدر أيضًا كقرص مدمج. | ||
| 546 | _aالنص بالعربية والملخص باللغة الإنجليزية والعربية. | ||
| 650 | 7 |
_aالفتيات _2qrmak _xرعاية |
|
| 650 | 7 |
_aالمراهقات _xرعاية |
|
| 653 | 0 |
_aالرحمة بالذات _aالتنمر _aالمراهقة |
|
| 700 | 0 |
_aمنال عبد النعيم محمد _eمشرف أطروحة. |
|
| 700 | 0 |
_aعمرو رمضان عطايا _eمشرف أطروحة. |
|
| 900 |
_b01-01-2025 _cمنال عبد النعيم محمد _cعمرو رمضان عطايا _dمحمد السيد بخيت _dإبراهيم محمد سعد _Uجامعة القاهرة _Fكلية الدراسات العليا للتربية _Dقسم علم النفس الارشادي |
||
| 905 |
_aSara _eAfaf |
||
| 942 |
_2ddc _cTH _e21 _n0 |
||
| 999 | _c180045 | ||